[Event "Khanty-Mansiysk RUS"]
[Site "Khanty-Mansiysk RUS"]
[Date "2010.09.23"]
[Round "3.17"]
[White "Mikhalevski, Victor"]
[Black "Feller, Sebastien"]
[Result "1-0"]
[WhiteElo "2610"]
[BlackElo "2649"]
[PlyCount "107"]
[EventDate "2010.09.21"]
[WhiteTeam "ISR"]
[BlackTeam "FRA"]

1. d4 Nf6 2. c4 e6 3. g3 d5 4. Nf3 dxc4 5. Bg2 Bd7 6. Ne5 Bc6 7. Nxc6 Nxc6 8.
O-O Qd7 9. Nc3 O-O-O 10. e3 Nd5 11. Qe2 Kb8 12. Qxc4 h5 13. Rd1 h4 14. Qe2 hxg3
15. hxg3 f5 16. e4 fxe4 17. Nxe4 Be7 18. Bg5 Bxg5 19. Nxg5 Rde8 20. Rac1 Nd8
21. Nf3 Nf7 22. Re1 c6 23. Qc2 Rh6 24. Re4 Rf6 25. Qe2 Rf8 26. Re1 Nc7 27. Rg4
g6 28. Rf1 Qd8 29. Ne5 Nxe5 30. dxe5 Rf5 31. Rxg6 Qd4 32. Rf6 R5xf6 33. exf6
Qxf6 34. Rd1 Nd5 35. Rd3 Rd8 36. a3 a6 37. Bf3 Ka8 38. Bg4 Re8 39. Rf3 Qg6 40.
Bh3 Qb1+ 41. Kg2 e5 42. Rd3 Rd8 43. Rd2 e4 44. Kh2 e3 45. fxe3 Qh7 46. Rd4 Qh6
47. Re4 Qd6 48. Re6 Qc5 49. Qd2 Rh8 50. Re4 Rf8 51. Rd4 Rf3 52. Bg2 Nxe3 53.
Re4 Rf2 54. Qxe3 1-0

[Event "Khanty-Mansiysk RUS"]
[Site "Khanty-Mansiysk RUS"]
[Date "2010.09.24"]
[Round "4.19"]
[White "Feller, Sebastien"]
[Black "Markus, Robert"]
[Result "1-0"]
[WhiteElo "2649"]
[BlackElo "2624"]
[PlyCount "75"]
[EventDate "2010.09.21"]
[WhiteTeam "FRA"]
[BlackTeam "SRB"]

1. d4 Nf6 2. c4 g6 3. Nc3 Bg7 4. e4 d6 5. Bd3 O-O 6. Nge2 c6 7. O-O a6 8. Bg5
b5 9. f4 bxc4 10. Bxc4 Nxe4 11. Nxe4 d5 12. Bd3 dxe4 13. Bxe4 Bg4 14. f5 Ra7
15. Kh1 Rd7 16. Qc2 Bxe2 17. Qxe2 Rxd4 18. Bc2 Bf6 19. Bh6 Bg7 20. Be3 Rd6 21.
Bb3 Nd7 22. Rae1 c5 23. h3 Ne5 24. Bxc5 Rd2 25. Qxa6 Rxb2 26. Rd1 Qa8 27. Qxa8
Rxa8 28. Bxe7 gxf5 29. Rxf5 Kh8 30. Re1 Nd3 31. Ref1 Ne5 32. Re1 Nd3 33. Re3
Nc1 34. Bxf7 Nxa2 35. Rg3 Nc3 36. Kh2 Ne4 37. Rg4 Nf2 38. Rxg7 1-0

[Event "Khanty-Mansiysk RUS"]
[Site "Khanty-Mansiysk RUS"]
[Date "2010.09.25"]
[Round "5.14"]
[White "Howell, David W L"]
[Black "Feller, Sebastien"]
[Result "0-1"]
[WhiteElo "2616"]
[BlackElo "2649"]
[PlyCount "96"]
[EventDate "2010.09.21"]
[WhiteTeam "ENG"]
[BlackTeam "FRA"]

1. e4 e6 2. d4 d5 3. Nd2 Nf6 4. e5 Nfd7 5. Bd3 c5 6. c3 Nc6 7. Ne2 cxd4 8. cxd4
Qb6 9. Nf3 f6 10. exf6 Nxf6 11. O-O Bd6 12. b3 O-O 13. Bb2 Bd7 14. Nc3 Rac8 15.
Na4 Qa5 16. Ne5 Nb4 17. Bb1 Bxa4 18. bxa4 Qc7 19. a3 Nc2 20. Ra2 Bxe5 21. dxe5
Ne4 22. Bc1 Nxf2 23. Qxc2 Nh3+ 24. gxh3 Qb6+ 25. Kg2 Rxc2+ 26. Bxc2 Rxf1 27.
Kxf1 Qc7 28. Rb2 d4 29. Ke2 Qxe5+ 30. Kd1 Qh5+ 31. Kd2 Qg5+ 32. Kd1 Qg1+ 33.
Kd2 Qxh2+ 34. Kd3 Qg1 35. Rb1 Qg6+ 36. Kd2 Qg2+ 37. Kd3 Qg6+ 38. Kd2 Qg2+ 39.
Kd3 e5 40. Rb2 Qf1+ 41. Kd2 Qf2+ 42. Kd3 Qf3+ 43. Kd2 e4 44. Bb3+ Kf8 45. Ke1
Qh1+ 46. Kd2 Qg2+ 47. Ke1 Qg1+ 48. Kd2 Qf2+ 0-1

[Event "Khanty-Mansiysk RUS"]
[Site "Khanty-Mansiysk RUS"]
[Date "2010.09.27"]
[Round "6.17"]
[White "Feller, Sebastien"]
[Black "Kreisl, Robert"]
[Result "0-1"]
[WhiteElo "2649"]
[BlackElo "2376"]
[PlyCount "106"]
[EventDate "2010.09.21"]
[WhiteTeam "FRA"]
[BlackTeam "AUT"]

1. d4 d5 2. c4 c6 3. Nf3 Nf6 4. Qc2 g6 5. Bf4 Na6 6. Nc3 Nb4 7. Qd2 Bf5 8. Rc1
dxc4 9. Ne5 Nbd5 10. Nxc4 Nxf4 11. Qxf4 Bg7 12. e4 Be6 13. Rd1 O-O 14. Be2 Ne8
15. O-O Nd6 16. Ne3 Qb6 17. Na4 Qa5 18. b3 Nb5 19. e5 Rad8 20. Qe4 Nc3 21. Nxc3
Qxc3 22. Bc4 Bxc4 23. Nxc4 f5 24. Qe3 Qxe3 25. fxe3 Rd5 26. b4 b6 27. a4 Rfd8
28. a5 b5 29. Nb2 f4 30. Rxf4 Bxe5 31. Rff1 Bg7 32. Rc1 e5 33. dxe5 Bxe5 34.
Nd1 Bd6 35. Nf2 Bxb4 36. Rxc6 Bxa5 37. Ng4 Rd1 38. Rc5 Bb6 39. Rxb5 h5 40. Nf6+
Kg7 41. Ne8+ Kg8 42. Nf6+ Kg7 43. Ne8+ Kh6 44. Re5 a5 45. Re6 Bc5 46. g4 hxg4
47. Kf2 R8d2+ 48. Kg1 Rxf1+ 49. Kxf1 a4 50. Nf6 a3 51. Nxg4+ Kg7 52. Ne5 a2 53.
Rxg6+ Kh7 0-1

[Event "Khanty-Mansiysk RUS"]
[Site "Khanty-Mansiysk RUS"]
[Date "2010.09.28"]
[Round "7.10"]
[White "Alsina Leal, Daniel"]
[Black "Feller, Sebastien"]
[Result "0-1"]
[WhiteElo "2523"]
[BlackElo "2649"]
[PlyCount "52"]
[EventDate "2010.09.21"]
[WhiteTeam "ESP"]
[BlackTeam "FRA"]

1. e4 e5 2. Nf3 Nc6 3. Bb5 Nf6 4. O-O Nxe4 5. d4 Nd6 6. dxe5 Nxb5 7. a4 Nbd4 8.
Nxd4 d5 9. Nc3 Be7 10. Nxc6 bxc6 11. Be3 O-O 12. a5 Bf5 13. Na4 f6 14. f4 Qe8
15. Qd2 Qg6 16. c3 fxe5 17. fxe5 Rad8 18. Bxa7 d4 19. cxd4 Bg5 20. Qe1 Bd3 21.
Rxf8+ Rxf8 22. Bc5 Be4 23. Qg3 Be3+ 24. Kh1 Rf2 25. Qxg6 hxg6 26. d5 Rxg2 0-1

[Event "Khanty-Mansiysk RUS"]
[Site "Khanty-Mansiysk RUS"]
[Date "2010.09.29"]
[Round "8.6"]
[White "Timofeev, Artyom"]
[Black "Feller, Sebastien"]
[Result "0-1"]
[WhiteElo "2690"]
[BlackElo "2649"]
[PlyCount "72"]
[EventDate "2010.09.21"]
[WhiteTeam "RUS2"]
[BlackTeam "FRA"]

1. c4 c6 2. e4 d5 3. exd5 cxd5 4. d4 Nf6 5. Nc3 Nc6 6. Bg5 Be6 7. a3 g6 8. Be2
Bg7 9. cxd5 Nxd5 10. Nf3 O-O 11. O-O Nxc3 12. bxc3 Rc8 13. Re1 Na5 14. Qa4 Nb3
15. Rad1 Rxc3 16. Qb4 Rc7 17. Bf1 Qd5 18. Bxe7 Rfc8 19. a4 a5 20. Qd6 Rd7 21.
Qxd5 Rxd5 22. Rb1 Nxd4 23. Ng5 Bf5 24. Rxb7 h6 25. Nf3 Nxf3+ 26. gxf3 Rd2 27.
Bh4 Rd4 28. Bg3 Rxa4 29. Ree7 Be6 30. Kg2 h5 31. Bb5 Rb4 32. Bc7 Bd5 33. Bd7
Bxb7 34. Bxc8 Bxc8 35. Re8+ Kh7 36. Rxc8 Rc4 0-1

[Event "Khanty-Mansiysk RUS"]
[Site "Khanty-Mansiysk RUS"]
[Date "2010.09.30"]
[Round "9.3"]
[White "Feller, Sebastien"]
[Black "Gelashvili, Tamaz"]
[Result "1-0"]
[WhiteElo "2649"]
[BlackElo "2611"]
[PlyCount "61"]
[EventDate "2010.09.21"]
[WhiteTeam "FRA"]
[BlackTeam "GEO"]

1. e4 c5 2. Nf3 d6 3. d4 cxd4 4. Nxd4 Nf6 5. Nc3 g6 6. Be3 Bg7 7. f3 a6 8. Bc4
Nbd7 9. Qd2 b5 10. Bb3 Bb7 11. O-O-O Nc5 12. Bh6 Bxh6 13. Qxh6 e5 14. Nde2
Nxb3+ 15. axb3 Qe7 16. Rd2 O-O-O 17. Rhd1 Rd7 18. Kb1 Rhd8 19. Nc1 d5 20. exd5
Bxd5 21. Re2 Re8 22. Nd3 e4 23. Rde1 Bxb3 24. cxb3 Rxd3 25. Nxe4 Qd8 26. Qc1+
Kb8 27. Qf4+ Ka8 28. Qxf6 Rd1+ 29. Rxd1 Qxd1+ 30. Ka2 Qxe2 31. Qc6+ 1-0

[Event "Khanty-Mansiysk RUS"]
[Site "Khanty-Mansiysk RUS"]
[Date "2010.10.01"]
[Round "10.1"]
[White "Feller, Sebastien"]
[Black "Efimenko, Zahar"]
[Result "1/2-1/2"]
[WhiteElo "2649"]
[BlackElo "2683"]
[PlyCount "42"]
[EventDate "2010.09.21"]
[WhiteTeam "FRA"]
[BlackTeam "UKR"]

1. d4 Nf6 2. c4 e6 3. Nf3 b6 4. g3 Bb7 5. Bg2 Bb4+ 6. Bd2 Bxd2+ 7. Qxd2 O-O 8.
O-O d6 9. Nc3 Ne4 10. Nxe4 Bxe4 11. Qf4 f5 12. Ng5 Bxg2 13. Kxg2 Qe7 14. d5 e5
15. Qh4 h6 16. Ne6 Qxh4 17. gxh4 Rf7 18. Rg1 Na6 19. a3 c6 20. Rac1 Re8 21. Kf3
Nc7 1/2-1/2